Saint-Pétersbourg - Culture générale - Statistiques

Statistiques générales
  • Ce quiz a été pris 610 fois
    366 depuis la dernière actualisation
  • Le résultat moyen est 12 sur 23
Statistiques - réponses
Information Réponse % Correct
Nom de la ville sous le communisme (1924-1991) Léningrad
95%
Statut de la ville de 1713 à 1918, remplaçant Moscou Capitale
93%
Mer à laquelle St-Pétersbourg accède Mer Baltique
78%
Président de la fédération de Russie qui a fait ses gammes politiques à la mairie de sa ville Vladimir Poutine
70%
Guérisseur mystique et confident de la tsarine, assassiné ici Grigori Raspoutine
68%
Guerre pendant laquelle la ville subit un siège de 900 jours 2ème guerre mondiale
63%
Impératrice de Russie dite "éclairée" Catherine II
58%
Plus grande entreprise russe spécialisée dans le gaz naturel Gazprom
58%
Écrivaine notamment connue pour Les Malheurs de Sophie (1858) Comtesse de {Ségur}
53%
Chimiste qui y a développé le tableau périodique des éléments Dmitri Mendeleïev
52%
Tsar fondateur de la ville Pierre le Grand
51%
Golfe par lequel cela est possible Golfe de {Finlande}
48%
Joaillier né en 1846 célèbre pour ses "œufs" de pierres précieuses Pierre-Karl Fabergé
46%
Un des plus grands musée du monde Ermitage
45%
Grand palais bleu et or regroupant ce musée Palais d'{hiver}
42%
Nombre d'étages (à 5 près) du Lakhta Center, le plus haut gratte-ciel d'Europe 87
40%
Premier pays à avoir bâti une forteresse sur les lieux en 1611 Suède
39%
Club de football et champion en titre du championnat russe Zénith Saint-Pétersbourg
37%
Nom "slavisé" que la ville a porté de 1914 à 1924 Petrograd
35%
Célèbre roman de Dostoïevski qui se déroule dans la ville (1867) Crime et Châtiment
34%
Fleuve qui traverse la ville Neva
32%
Cathédrale d'architecture russe construite sur un lieu d'assassinat Cathédrale Saint-{Sauveur}-sur-le-Sang-Versé
15%
Avenue principale de la ville, dont le nom rappelle celui du fleuve Nevski Prospekt
15%
Aucun quiz correspondant
Distribution des résultats
% des personnes avec chaque résultat
Percentile par nombre de réponses
Votre historique - résultats
Vous n’avez pas pris ce quiz depuis la dernière actualisation